[Event "España tch 2010 Femenino"]
[Site "Cortegana ESP"]
[Date "2010.08.18"]
[Round "3.1"]
[White "Vega Gutierrez, Sabrina"]
[Black "Garcia Vicente, Nieves"]
[Result "1/2-1/2"]
[WhiteElo "2373"]
[BlackElo "2208"]
[PlyCount "69"]
[EventDate "2010.08.17"]
[EventType "swiss"]
[EventRounds "7"]
[EventCountry "ESP"]
[Source "lmi"]
[SourceDate "2010.08.17"]

1. e4 c5 2. Nf3 Nc6 3. Nc3 e5 4. Bc4 Be7 5. d3 Nf6 6. a3 O-O 7. Nd2 d6 8. Nf1
Bg4 9. f3 Be6 10. Ne3 Ne8 11. O-O Bg5 12. Ncd5 Ne7 13. f4 exf4 14. Nxf4 Bxc4
15. Nxc4 Ng6 16. Qh5 Bxf4 17. Bxf4 Nf6 18. Qf5 Nxf4 19. Rxf4 d5 20. e5 Ne8 21.
Ne3 g6 22. Qh3 Qe7 23. Ng4 f5 24. exf6 Nxf6 25. Nxf6+ Rxf6 26. Rxf6 Qxf6 27.
Rf1 Qe7 28. Qf3 Rd8 29. c3 d4 30. cxd4 Rxd4 31. Qg3 Rd8 32. Re1 Qf7 33. Qe3 b6
34. Rf1 Qd7 35. h3 1/2-1/2

[Event "España tch 2010 Femenino"]
[Site "Cortegana ESP"]
[Date "2010.08.18"]
[Round "3.2"]
[White "Aranaz Murillo, Amalia"]
[Black "Vega Gutierrez, Belinda"]
[Result "1/2-1/2"]
[WhiteElo "2190"]
[BlackElo "2266"]
[PlyCount "74"]
[EventDate "2010.08.17"]
[EventType "swiss"]
[EventRounds "7"]
[EventCountry "ESP"]
[Source "lmi"]
[SourceDate "2010.08.17"]

1. Nf3 Nf6 2. c4 g6 3. Nc3 Bg7 4. e4 d6 5. d4 O-O 6. Be2 e5 7. d5 a5 8. Bg5 h6
9. Bh4 Na6 10. Nd2 Qe8 11. O-O Nxe4 12. Ndxe4 f5 13. Nd2 g5 14. Bg3 f4 15. Nde4
b6 16. a3 Bf5 17. f3 fxg3 18. Nxg3 Bg6 19. Bd3 Nc5 20. Bxg6 Qxg6 21. Nge4 Nxe4
22. fxe4 g4 23. Qd3 Rxf1+ 24. Rxf1 Qg5 25. Nd1 Rf8 26. Rxf8+ Bxf8 27. Qe3 Qg6
28. Nc3 h5 29. Nb5 Bh6 30. Qe1 Qh7 31. g3 Bg5 32. Qe2 Bd8 33. Kf2 Qh6 34. Qe3
Bg5 35. Qe2 Bd8 36. Qe3 Bg5 37. Qe2 Bd8 1/2-1/2

[Event "España tch 2010 Femenino"]
[Site "Cortegana ESP"]
[Date "2010.08.18"]
[Round "3.3"]
[White "Calzetta Ruiz, Monica"]
[Black "Pascual Palomo, Lucia"]
[Result "1-0"]
[WhiteElo "2256"]
[BlackElo "2126"]
[PlyCount "121"]
[EventDate "2010.08.17"]
[EventType "swiss"]
[EventRounds "7"]
[EventCountry "ESP"]
[Source "lmi"]
[SourceDate "2010.08.17"]

1. e4 e6 2. d4 d5 3. Nd2 c5 4. Ngf3 cxd4 5. Nxd4 Nc6 6. Bb5 Bd7 7. Nxc6 Bxc6 8.
Bxc6+ bxc6 9. c4 Nf6 10. Qa4 Qd7 11. e5 Ng4 12. Nf3 Rb8 13. a3 h5 14. O-O g6
15. h3 Nh6 16. b4 Bg7 17. Be3 Rb7 18. Bc5 Nf5 19. Rac1 g5 20. Nxg5 Bxe5 21. Nf3
f6 22. Rfe1 Bf4 23. cxd5 cxd5 24. Rxe6+ Kf7 25. Qxd7+ Rxd7 26. Rce1 Bd6 27. Nd4
Bxc5 28. Nxf5 Bf8 29. Ra6 Rg8 30. Ree6 Rg6 31. Nd4 Be7 32. Kf1 Rg5 33. f4 Rg6
34. Nf5 Bf8 35. Nh4 Rh6 36. f5 Bg7 37. Red6 Rc7 38. Rac6 Re7 39. Ng6 Rxg6 40.
fxg6+ Kxg6 41. Rxd5 Bh6 42. h4 Bf4 43. Kf2 Be3+ 44. Kf3 Bb6 45. Rg5+ Kf7 46.
Rxh5 Re3+ 47. Kg4 Re4+ 48. Kh3 Re3+ 49. g3 Rxa3 50. Rf5 Bd4 51. Ra5 Rb3 52.
Rc7+ Kg6 53. Rc4 Bb6 54. h5+ Kf7 55. Rf5 Rb1 56. Kg4 Bd8 57. b5 Rb3 58. Rd4 Bb6
59. Rd6 Rb4+ 60. Kh3 Bd4 61. Rf4 1-0

[Event "España tch 2010 Femenino"]
[Site "Cortegana ESP"]
[Date "2010.08.18"]
[Round "3.4"]
[White "Salido Polo, Veronica"]
[Black "Redondo Arguelles, Graciela"]
[Result "1-0"]
[WhiteElo "1984"]
[BlackElo "2102"]
[PlyCount "65"]
[EventDate "2010.08.17"]
[EventType "swiss"]
[EventRounds "7"]
[EventCountry "ESP"]
[Source "lmi"]
[SourceDate "2010.08.17"]

1. e4 e6 2. d4 d5 3. Nd2 c5 4. exd5 exd5 5. Ngf3 Bd6 6. Bb5+ Nc6 7. O-O Nge7 8.
dxc5 Bxc5 9. c4 O-O 10. Nb3 Bd6 11. c5 Bc7 12. Bg5 f6 13. Bh4 Bg4 14. Re1 Ng6
15. Bg3 Nge5 16. Bxc6 Bxf3 17. gxf3 bxc6 18. Nd4 Qd7 19. f4 Nf7 20. Qa4 Nd8 21.
Re3 Re8 22. Rae1 Rxe3 23. Rxe3 Rb8 24. Re2 a5 25. a3 Kf7 26. f5 g6 27. Bxc7
Qxc7 28. Ne6 Nxe6 29. Rxe6 Rxb2 30. Qh4 Kg8 31. Qxf6 Rb1+ 32. Kg2 Rb8 33. Re7
1-0

[Event "España tch 2010 Femenino"]
[Site "Cortegana ESP"]
[Date "2010.08.18"]
[Round "3.5"]
[White "Terrones Launes, Mireia"]
[Black "Gutierrez Castillo, Paloma"]
[Result "0-1"]
[WhiteElo "1933"]
[BlackElo "2167"]
[PlyCount "98"]
[EventDate "2010.08.17"]
[EventType "swiss"]
[EventRounds "7"]
[EventCountry "ESP"]
[Source "lmi"]
[SourceDate "2010.08.17"]

1. e4 e5 2. Nf3 Nc6 3. d4 exd4 4. Nxd4 g6 5. Be3 Bg7 6. f3 Nf6 7. Nc3 O-O 8.
Bc4 Re8 9. O-O Ne5 10. Be2 d5 11. exd5 Nxd5 12. Nxd5 Qxd5 13. Bf2 Nc4 14. Bxc4
Qxc4 15. c3 c5 16. Qb3 Qxb3 17. Nxb3 b6 18. Rfe1 Be6 19. Rad1 Red8 20. Bh4 Rxd1
21. Rxd1 a5 22. Nc1 a4 23. a3 Bc4 24. Rd6 b5 25. Nd3 b4 26. axb4 Bxd3 27. Rxd3
cxb4 28. Be1 a3 29. bxa3 bxa3 30. Rd1 a2 31. Ra1 Bh6 32. Bg3 Bc1 33. Rxc1 a1=Q
34. Rxa1 Rxa1+ 35. Kf2 Ra2+ 36. Kg1 f6 37. Bd6 Kf7 38. h3 Ke6 39. Bc5 Kd5 40.
Bd4 f5 41. Kh2 Kc4 42. h4 Kd3 43. Kh3 Ke2 44. f4 Rd2 45. h5 gxh5 46. Kh4 Kd3
47. g3 Rh2+ 48. Kg5 Ke4 49. Bb6 Rh3 0-1

[Event "España tch 2010 Femenino"]
[Site "Cortegana ESP"]
[Date "2010.08.18"]
[Round "3.6"]
[White "Rodrigo Yanguas, Maria"]
[Black "Gallardo Pina, Neus"]
[Result "1-0"]
[WhiteElo "2092"]
[BlackElo "1838"]
[PlyCount "45"]
[EventDate "2010.08.17"]
[EventType "swiss"]
[EventRounds "7"]
[EventCountry "ESP"]
[Source "lmi"]
[SourceDate "2010.08.17"]

1. e4 d5 2. exd5 Qxd5 3. Nc3 Qa5 4. Nf3 Nf6 5. Be2 Bg4 6. O-O e6 7. d3 Bd6 8.
h3 h5 9. Re1 Nbd7 10. Bd2 Bxf3 11. Bxf3 Qa6 12. d4 O-O-O 13. a4 c6 14. a5 Qc4
15. Ra4 Bb4 16. Ne4 Nxe4 17. Rxb4 Nxd2 18. Rxc4 Nxc4 19. a6 g6 20. axb7+ Kxb7
21. Qe2 Ndb6 22. b3 Nd6 23. Ra1 1-0

[Event "España tch 2010 Femenino"]
[Site "Cortegana ESP"]
[Date "2010.08.18"]
[Round "3.8"]
[White "Collado Barbas, Laura"]
[Black "Marin Benito, Carla"]
[Result "1/2-1/2"]
[WhiteElo "2051"]
[BlackElo "1832"]
[PlyCount "90"]
[EventDate "2010.08.17"]
[EventType "swiss"]
[EventRounds "7"]
[EventCountry "ESP"]
[Source "lmi"]
[SourceDate "2010.08.17"]

1. d4 Nf6 2. c4 g6 3. Nc3 Bg7 4. Nf3 O-O 5. e4 d6 6. Be3 e5 7. dxe5 dxe5 8.
Qxd8 Rxd8 9. Nd5 Rd7 10. Nxf6+ Bxf6 11. c5 Nc6 12. Bb5 Rd8 13. Bxc6 bxc6 14.
Nd2 Ba6 15. O-O-O Be2 16. Rde1 Bd3 17. f3 a5 18. Nb1 Bh4 19. Rd1 Be2 20. Rxd8+
Rxd8 21. Bd2 a4 22. Nc3 Bb5 23. Nxb5 cxb5 24. Bc3 f6 25. Rd1 Rxd1+ 26. Kxd1 c6
27. Ke2 Kf7 28. g3 Bg5 29. Bd2 Bxd2 30. Kxd2 Ke6 31. Ke3 h5 32. h4 g5 33. Kd3
Kd7 34. Ke2 Ke7 35. Kd2 Kd7 36. Kd3 gxh4 37. gxh4 Kc7 38. Kc3 Kb7 39. b3 axb3
40. Kxb3 Ka6 41. Kb4 Kb7 42. Ka5 Ka7 43. a4 bxa4 44. Kxa4 Ka6 45. Kb4 Kb7
1/2-1/2

[Event "España tch 2010 Femenino"]
[Site "Cortegana ESP"]
[Date "2010.08.18"]
[Round "3.9"]
[White "Gonzalez Benavides, Pilar"]
[Black "Gonzalez Berruga, Ana Isabel"]
[Result "0-1"]
[WhiteElo "1434"]
[BlackElo "2008"]
[PlyCount "68"]
[EventDate "2010.08.17"]
[EventType "swiss"]
[EventRounds "7"]
[EventCountry "ESP"]
[Source "lmi"]
[SourceDate "2010.08.17"]

1. e4 c5 2. Nf3 d6 3. d4 cxd4 4. Nxd4 Nf6 5. Nc3 g6 6. Be3 Bg7 7. f3 O-O 8. Qd2
Nc6 9. Bc4 Bd7 10. O-O-O Rb8 11. Bb3 Ne5 12. h4 b5 13. Bh6 Nc4 14. Qg5 e5 15.
Ndxb5 Bxb5 16. Nxb5 Rxb5 17. Bxc4 Rc5 18. Bb3 Nh5 19. Qd2 Bxh6 20. Qxh6 Qf6 21.
Qg5 Qxg5+ 22. hxg5 Rc6 23. Rd2 Kg7 24. Rhd1 Rd8 25. Kb1 f6 26. gxf6+ Kxf6 27.
c4 Nf4 28. c5 Rxc5 29. Rxd6+ Rxd6 30. Rxd6+ Ke7 31. Ra6 Rc7 32. g3 Ne2 33. Re6+
Kd7 34. Rxe5 Rc1# 0-1

[Event "España tch 2010 Femenino"]
[Site "Cortegana ESP"]
[Date "2010.08.18"]
[Round "3.12"]
[White "Buiza Prieto, Eihartze"]
[Black "Beltran Ortiz, Edda G"]
[Result "1/2-1/2"]
[WhiteElo "1766"]
[BlackElo "1878"]
[PlyCount "71"]
[EventDate "2010.08.17"]
[EventType "swiss"]
[EventRounds "7"]
[EventCountry "ESP"]
[Source "lmi"]
[SourceDate "2010.08.17"]

1. e4 c5 2. Nf3 e6 3. d4 cxd4 4. Nxd4 Nc6 5. Be2 Nf6 6. Nc3 Qc7 7. Be3 a6 8.
O-O Be7 9. a3 b5 10. Nxc6 dxc6 11. f4 O-O 12. Bf3 Bb7 13. Qd2 Rfd8 14. Qf2 c5
15. Rad1 Rac8 16. Rxd8+ Rxd8 17. h3 Rd7 18. g4 b4 19. g5 bxc3 20. gxf6 Bxf6 21.
e5 Be7 22. Bxb7 Qxb7 23. b3 c4 24. b4 a5 25. Bc5 axb4 26. axb4 Bxc5 27. Qxc5
Qa7 28. Qxa7 Rxa7 29. Rf3 Rb7 30. Rxc3 Rxb4 31. Kf2 g6 32. Ke3 Rb1 33. Kd4 Rf1
34. Ke3 Re1+ 35. Kd4 Rf1 36. Ke3 1/2-1/2

[Event "España tch 2010 Femenino"]
[Site "Cortegana ESP"]
[Date "2010.08.18"]
[Round "3.14"]
[White "Vieito Ribelles, Ariadna"]
[Black "Romero Diez, Sandra"]
[Result "1/2-1/2"]
[WhiteElo "1679"]
[BlackElo "1845"]
[PlyCount "62"]
[EventDate "2010.08.17"]
[EventType "swiss"]
[EventRounds "7"]
[EventCountry "ESP"]
[Source "lmi"]
[SourceDate "2010.08.17"]

1. c4 c6 2. d4 d5 3. cxd5 cxd5 4. Nc3 Nf6 5. Bf4 Nc6 6. Nf3 Bg4 7. e3 e6 8. a3
Bd6 9. Bxd6 Qxd6 10. Bd3 O-O 11. Rc1 a6 12. b4 Rac8 13. Be2 Rfd8 14. Na4 Nd7
15. Nc5 Nxc5 16. Rxc5 e5 17. O-O exd4 18. Nxd4 Bxe2 19. Nxe2 a5 20. Rb5 axb4
21. axb4 Rc7 22. Rb6 Qe7 23. Qd2 Ne5 24. Rb5 Rcd7 25. Nd4 Nc4 26. Qd3 Qd6 27.
Rc1 b6 28. e4 Qh6 29. Re1 Ne5 30. Qc2 Qf4 31. Ne2 Qf6 1/2-1/2

[Event "España tch 2010 Femenino"]
[Site "Cortegana ESP"]
[Date "2010.08.18"]
[Round "3.15"]
[White "Acebal Muniz, Maria Concepcion"]
[Black "Garcia Porlan, Beatriz"]
[Result "0-1"]
[WhiteElo "1265"]
[BlackElo "1702"]
[PlyCount "88"]
[EventDate "2010.08.17"]
[EventType "swiss"]
[EventRounds "7"]
[EventCountry "ESP"]
[Source "lmi"]
[SourceDate "2010.08.17"]

1. d4 d5 2. c4 e6 3. Nf3 c6 4. Qb3 Nd7 5. e3 Ngf6 6. Bd3 Bd6 7. cxd5 exd5 8.
Nc3 O-O 9. O-O Re8 10. Bd2 Nf8 11. Rac1 Ne4 12. Qc2 Qe7 13. Rfe1 Nd7 14. Re2
Ndf6 15. h3 h6 16. Be1 Nh7 17. Nd2 Nhg5 18. f3 Nxd2 19. Qxd2 Bxh3 20. e4 dxe4
21. Nxe4 Nxe4 22. Rxe4 Be6 23. Bh4 Qd7 24. b3 Bf5 25. Rxe8+ Rxe8 26. Bxf5 Qxf5
27. Re1 Rxe1+ 28. Qxe1 Qe6 29. Qd2 a6 30. Bf2 Qe7 31. Kf1 Qg5 32. Be3 Qb5+ 33.
Kg1 Qb4 34. Qd3 Qe1+ 35. Qf1 Bh2+ 36. Kxh2 Qxf1 37. Bg1 g5 38. b4 f5 39. a4 g4
40. fxg4 Qf4+ 41. Kh1 fxg4 42. b5 g3 43. bxc6 Qh4+ 44. Bh2 Qxh2# 0-1

[Event "España tch 2010 Femenino"]
[Site "Cortegana ESP"]
[Date "2010.08.19"]
[Round "4.1"]
[White "Salido Polo, Veronica"]
[Black "Calzetta Ruiz, Monica"]
[Result "1-0"]
[WhiteElo "1984"]
[BlackElo "2256"]
[PlyCount "77"]
[EventDate "2010.08.17"]
[EventType "swiss"]
[EventRounds "7"]
[EventCountry "ESP"]
[Source "lmi"]
[SourceDate "2010.08.17"]

1. e4 e6 2. d4 d5 3. Nd2 Nf6 4. e5 Nfd7 5. Bd3 c5 6. c3 Nc6 7. Ne2 cxd4 8. cxd4
f6 9. exf6 Nxf6 10. Nf3 Qc7 11. O-O Bd6 12. Bg5 O-O 13. Bh4 Nh5 14. Bg3 Nxg3
15. Nxg3 g6 16. Rc1 Qg7 17. Bb5 Bd7 18. Re1 Rac8 19. Rc2 Rf4 20. Ne2 Rf7 21.
Nc1 Rxf3 22. Qxf3 Qxd4 23. Bxc6 bxc6 24. Nb3 Qg7 25. Qe3 c5 26. Nxc5 Qe7 27.
Rec1 Rf8 28. g3 Bc8 29. Nd3 Bb7 30. Nc5 Bc8 31. Nd3 Bb7 32. Re1 Bc8 33. Ne5 Qg7
34. Nd3 d4 35. Qe4 Kh8 36. Rc4 e5 37. Nxe5 Bb7 38. Qxd4 Be7 39. Nxg6+ 1-0

[Event "España tch 2010 Femenino"]
[Site "Cortegana ESP"]
[Date "2010.08.19"]
[Round "4.2"]
[White "Vega Gutierrez, Belinda"]
[Black "Vega Gutierrez, Sabrina"]
[Result "1/2-1/2"]
[WhiteElo "2266"]
[BlackElo "2373"]
[PlyCount "22"]
[EventDate "2010.08.17"]
[EventType "swiss"]
[EventRounds "7"]
[EventCountry "ESP"]
[Source "lmi"]
[SourceDate "2010.08.17"]

1. e4 e5 2. Nf3 Nc6 3. d4 exd4 4. Nxd4 Nf6 5. Nc3 Bb4 6. Nxc6 bxc6 7. Bd3 d5 8.
exd5 cxd5 9. O-O O-O 10. Bg5 c6 11. Qf3 Be7 1/2-1/2

[Event "España tch 2010 Femenino"]
[Site "Cortegana ESP"]
[Date "2010.08.19"]
[Round "4.3"]
[White "Garcia Vicente, Nieves"]
[Black "Aranaz Murillo, Amalia"]
[Result "1/2-1/2"]
[WhiteElo "2208"]
[BlackElo "2190"]
[PlyCount "120"]
[EventDate "2010.08.17"]
[EventType "swiss"]
[EventRounds "7"]
[EventCountry "ESP"]
[Source "lmi"]
[SourceDate "2010.08.17"]

1. d4 d5 2. c4 c6 3. Nc3 Nf6 4. e3 a6 5. Nf3 b5 6. c5 Nbd7 7. b4 a5 8. bxa5
Qxa5 9. Bd2 b4 10. Nb1 Ne4 11. a3 Nxd2 12. Nfxd2 e5 13. Nb3 Qa4 14. axb4 Qxb4+
15. N1d2 Rxa1 16. Qxa1 exd4 17. Qa8 Qb7 18. Qxb7 Bxb7 19. exd4 Kd8 20. Bd3 Be7
21. Kd1 Kc7 22. Kc2 Ra8 23. Ra1 Rxa1 24. Nxa1 g6 25. Kb3 Bf6 26. Nc2 Nf8 27.
Kb4 Bc8 28. Nb3 Ne6 29. g3 h5 30. h4 Ng7 31. Ne3 g5 32. hxg5 Bxg5 33. Kc3 h4
34. gxh4 Bxh4 35. f3 Be1+ 36. Kc2 Ne6 37. Ng4 Ng5 38. Nh6 Nxf3 39. Nxf7 Be6 40.
Nd6 Bg3 41. Bf5 Bg8 42. Ne8+ Kd8 43. Nf6 Bf7 44. Ng4 Nh4 45. Bd3 Ng2 46. Kd2
Be6 47. Ne5 Bf4+ 48. Kc3 Bxe5 49. dxe5 Nh4 50. Nd4 Kd7 51. Kd2 Ng2 52. Ba6 Nf4
53. Bb7 Ng6 54. Bxc6+ Ke7 55. Nf3 Bg4 56. Bxd5 Bxf3 57. Bxf3 Nxe5 58. Bb7 Kd7
59. Kc3 Kc7 60. Bg2 Nd7 1/2-1/2

[Event "España tch 2010 Femenino"]
[Site "Cortegana ESP"]
[Date "2010.08.19"]
[Round "4.4"]
[White "Gutierrez Castillo, Paloma"]
[Black "Perera Borrego, Mariela"]
[Result "0-1"]
[WhiteElo "2167"]
[BlackElo "2068"]
[PlyCount "116"]
[EventDate "2010.08.17"]
[EventType "swiss"]
[EventRounds "7"]
[EventCountry "ESP"]
[Source "lmi"]
[SourceDate "2010.08.17"]

1. e4 d6 2. d4 Nf6 3. Bd3 e5 4. c3 Be7 5. Nf3 Nbd7 6. O-O O-O 7. Re1 c6 8. Nbd2
b6 9. Nf1 Re8 10. Ng3 Bb7 11. Qb3 h6 12. dxe5 dxe5 13. Bc4 Nc5 14. Qc2 b5 15.
Bf1 Qc7 16. Nf5 Bf8 17. b4 Ne6 18. h3 a6 19. Ng3 c5 20. Qb3 Rad8 21. Bb2 Rd7
22. c4 Nd4 23. Nxd4 bxc4 24. Qxc4 cxd4 25. Qb3 Qd6 26. b5 g6 27. Rac1 h5 28.
Bd3 h4 29. Nf1 Nh5 30. g3 Rdd8 31. Kg2 Bc8 32. Rc6 Qe7 33. Rxg6+ Kh7 34. Rc6
Be6 35. Qd1 Qg5 36. Bc1 Qg6 37. Rxa6 Bb4 38. Re2 hxg3 39. fxg3 Nxg3 40. Nxg3
Rg8 41. Kh1 Qxg3 42. Rf2 Rg6 43. Rxe6 fxe6 44. Rf7+ Kg8 45. Qf1 Rc8 46. Bb2 Rh6
47. Rf3 Qg7 48. a4 Rf8 49. Rxf8+ Bxf8 50. Kh2 Rf6 51. Qg2 Rg6 52. Qf2 Be7 53.
b6 Bh4 54. Qf1 Rf6 55. Qg1 Rf2+ 56. Kh1 Qxg1+ 57. Kxg1 Rxb2 58. Bb5 Bd8 0-1

[Event "España tch 2010 Femenino"]
[Site "Cortegana ESP"]
[Date "2010.08.19"]
[Round "4.5"]
[White "Pascual Palomo, Lucia"]
[Black "Garcia Rodriguez, Sara"]
[Result "1-0"]
[WhiteElo "2126"]
[BlackElo "1867"]
[PlyCount "73"]
[EventDate "2010.08.17"]
[EventType "swiss"]
[EventRounds "7"]
[EventCountry "ESP"]
[Source "lmi"]
[SourceDate "2010.08.17"]

1. e4 c5 2. Nf3 d6 3. d4 cxd4 4. Nxd4 Nf6 5. Nc3 g6 6. f4 Bg7 7. e5 dxe5 8.
fxe5 Ng8 9. Bb5+ Bd7 10. e6 Bxb5 11. exf7+ Kxf7 12. Qf3+ Nf6 13. Ndxb5 Nc6 14.
O-O Rf8 15. Bf4 Rc8 16. Rad1 Qa5 17. a3 a6 18. b4 Nxb4 19. axb4 Qxb4 20. Nc7
Qc5+ 21. Kh1 e5 22. Bg5 Rxc7 23. Ne4 Qb6 24. Nxf6 Bxf6 25. Bxf6 Kg8 26. Qd5+
Rcf7 27. Bxe5 Qc6 28. Rxf7 Rxf7 29. Qxc6 bxc6 30. Rd8+ Rf8 31. Rxf8+ Kxf8 32.
Bd6+ Kf7 33. Kg1 Ke6 34. Bb4 Kd5 35. Kf2 Kc4 36. Bd2 Kb5 37. Ke3 1-0

[Event "España tch 2010 Femenino"]
[Site "Cortegana ESP"]
[Date "2010.08.19"]
[Round "4.6"]
[White "Gonzalez Berruga, Ana Isabel"]
[Black "Rodrigo Yanguas, Maria"]
[Result "0-1"]
[WhiteElo "2008"]
[BlackElo "2092"]
[PlyCount "32"]
[EventDate "2010.08.17"]
[EventType "swiss"]
[EventRounds "7"]
[EventCountry "ESP"]
[Source "lmi"]
[SourceDate "2010.08.17"]

1. d4 d5 2. c4 Nc6 3. e3 e5 4. cxd5 Qxd5 5. Nc3 Bb4 6. Qf3 Qa5 7. Nge2 Nf6 8.
Bd2 Bg4 9. Qg3 O-O-O 10. f3 exd4 11. exd4 Bf5 12. Qf4 Rhe8 13. d5 Ne7 14. Rc1
Nfxd5 15. Qg3 Nc6 16. Qxg7 Ne5 0-1

[Event "España tch 2010 Femenino"]
[Site "Cortegana ESP"]
[Date "2010.08.19"]
[Round "4.7"]
[White "Nieto Asencio, Mari Carmen"]
[Black "Terrones Launes, Mireia"]
[Result "1/2-1/2"]
[WhiteElo "1952"]
[BlackElo "1933"]
[PlyCount "126"]
[EventDate "2010.08.17"]
[EventType "swiss"]
[EventRounds "7"]
[EventCountry "ESP"]
[Source "lmi"]
[SourceDate "2010.08.17"]

1. d4 Nf6 2. Nf3 e6 3. e3 d5 4. Bd3 Be7 5. O-O O-O 6. b3 c5 7. Bb2 Nc6 8. a3
Ne4 9. Nbd2 f5 10. Ne5 Nxe5 11. dxe5 b6 12. f3 Nxd2 13. Qxd2 Bg5 14. f4 Bh6 15.
Rad1 Bb7 16. c4 Qe7 17. Qe2 Rfd8 18. cxd5 Bxd5 19. Bc4 Bxc4 20. Qxc4 g6 21. a4
Kf7 22. Qb5 Qc7 23. b4 cxb4 24. Qxb4 Bf8 25. Qb3 Rxd1 26. Rxd1 Rd8 27. Rc1 Qd7
28. Bd4 Rc8 29. Rc2 Rc7 30. Kf2 Qc8 31. Rxc7+ Qxc7 32. Qc3 Qxc3 33. Bxc3 Bc5
34. Kf3 a6 35. e4 h5 36. h3 b5 37. axb5 axb5 38. Bb2 Ke7 39. g4 hxg4+ 40. hxg4
Kd7 41. exf5 exf5 42. gxf5 gxf5 43. Ke2 Ke6 44. Kd3 Kd5 45. Bc1 Bf8 46. Bd2 b4
47. Be3 Be7 48. Bd2 b3 49. Bc1 Bb4 50. Bb2 Be1 51. Ba3 Bg3 52. Bc1 b2 53. Bxb2
Bxf4 54. Ke2 Bxe5 55. Bxe5 Kxe5 56. Ke3 f4+ 57. Kf3 Kf5 58. Kf2 Ke4 59. Ke2 f3+
60. Kf2 Kf4 61. Kf1 Ke3 62. Ke1 f2+ 63. Kf1 Kf3 1/2-1/2

[Event "España tch 2010 Femenino"]
[Site "Cortegana ESP"]
[Date "2010.08.19"]
[Round "4.8"]
[White "Redondo Arguelles, Graciela"]
[Black "Collado Barbas, Laura"]
[Result "1-0"]
[WhiteElo "2102"]
[BlackElo "2051"]
[PlyCount "103"]
[EventDate "2010.08.17"]
[EventType "swiss"]
[EventRounds "7"]
[EventCountry "ESP"]
[Source "lmi"]
[SourceDate "2010.08.17"]

1. e4 e6 2. d4 d5 3. exd5 exd5 4. Nf3 Nc6 5. Bd3 Bd6 6. O-O Bg4 7. Re1+ Nge7 8.
c3 Qd7 9. Nbd2 O-O-O 10. b4 h6 11. a4 g5 12. Qc2 Rdg8 13. b5 Na5 14. Ne5 Bxe5
15. dxe5 Ng6 16. e6 Bxe6 17. Rxe6 fxe6 18. Bxg6 Qg7 19. Bd3 Rf8 20. Ba3 Rf4 21.
Rf1 Nc4 22. Nxc4 dxc4 23. Be2 Qe5 24. Bc1 Rh4 25. g3 Re4 26. Bf3 Re1 27. Be3
Rxf1+ 28. Kxf1 Rf8 29. Qe4 Qxe4 30. Bxe4 b6 31. Bd4 Rf7 32. Bc6 Kd8 33. Ke2 Rf5
34. f3 Ke7 35. Be4 Rf7 36. Bg6 Rf8 37. Be5 Kd7 38. Be4 Rf7 39. Ke3 Kd8 40. Bc6
Rf5 41. Ke4 Rf7 42. g4 Kc8 43. Kd4 Rh7 44. Kxc4 Kd8 45. Bf6+ Kc8 46. Kd4 h5 47.
h3 hxg4 48. hxg4 Rh2 49. Bxg5 Ra2 50. Ke5 Re2+ 51. Be4 Kd7 52. Bf6 1-0

[Event "España tch 2010 Femenino"]
[Site "Cortegana ESP"]
[Date "2010.08.19"]
[Round "4.9"]
[White "Marin Benito, Carla"]
[Black "Crespo Ramos, Maria"]
[Result "1-0"]
[WhiteElo "1832"]
[BlackElo "1692"]
[PlyCount "169"]
[EventDate "2010.08.17"]
[EventType "swiss"]
[EventRounds "7"]
[EventCountry "ESP"]
[Source "lmi"]
[SourceDate "2010.08.17"]

1. e4 c5 2. Nc3 Nc6 3. g3 g6 4. Bg2 Bg7 5. d3 d6 6. Be3 e5 7. Qd2 Nge7 8. Nge2
Rb8 9. O-O O-O 10. Bh6 b5 11. Bxg7 Kxg7 12. f4 b4 13. Nd1 Nd4 14. Ne3 Nxe2+ 15.
Qxe2 f5 16. Rad1 Kh8 17. Nc4 exf4 18. Rxf4 Bb7 19. Rdf1 Re8 20. g4 g5 21. R4f3
f4 22. h4 h6 23. Rh3 Kg7 24. Bf3 Ng6 25. hxg5 hxg5 26. Rf2 Qe7 27. Rfh2 Rh8 28.
c3 bxc3 29. bxc3 Rxh3 30. Rxh3 Ba6 31. Na3 Rh8 32. Rxh8 Kxh8 33. Qh2+ Kg7 34.
Qd2 Ne5 35. Be2 f3 36. Bf1 Nxg4 37. Bh3 Qe5 38. Bxg4 Qg3+ 39. Kh1 Qxg4 40. c4
Qh3+ 41. Kg1 Qg3+ 42. Kf1 Kf6 43. Qb2+ Qe5 44. Qb8 Qe7 45. Qh8+ Qg7 46. Qd8+
Ke6 47. Qe8+ Qe7 48. Qg6+ Kd7 49. Qf5+ Ke8 50. Kf2 Kd8 51. Kxf3 Bc8 52. Qg6 g4+
53. Kg3 Kc7 54. Nb5+ Kc6 55. Qh5 Be6 56. Nc3 Qf6 57. Nb5 Qf3+ 58. Kh4 Qh3+ 59.
Kg5 Qxh5+ 60. Kxh5 Kb6 61. Kg5 Ka5 62. Kf6 Bd7 63. Nc3 Kb4 64. Ne2 Ka3 65. Ke7
Ba4 66. Kxd6 Kb4 67. e5 Bc2 68. Nf4 a5 69. e6 Ba4 70. Nd5+ Ka3 71. Nc3 g3 72.
Nxa4 g2 73. e7 g1=Q 74. e8=Q Qd4+ 75. Kc7 Qxd3 76. Qb5 Qh7+ 77. Kb6 Qh6+ 78.
Qc6 Qc1 79. Qxc5+ Kxa2 80. Kxa5 Qd2+ 81. Kb5 Qd7+ 82. Kb6 Qd8+ 83. Qc7 Qd4+ 84.
Kb5 Qd5+ 85. cxd5 1-0

[Event "España tch 2010 Femenino"]
[Site "Cortegana ESP"]
[Date "2010.08.19"]
[Round "4.10"]
[White "Beltran Ortiz, Edda G"]
[Black "Gonzalez Benavides, Pilar"]
[Result "1-0"]
[WhiteElo "1878"]
[BlackElo "1434"]
[PlyCount "41"]
[EventDate "2010.08.17"]
[EventType "swiss"]
[EventRounds "7"]
[EventCountry "ESP"]
[Source "lmi"]
[SourceDate "2010.08.17"]

1. e4 e6 2. d4 d5 3. Nc3 Nf6 4. e5 Nfd7 5. f4 c5 6. Nf3 Nc6 7. Be3 a6 8. Qd2 b5
9. Ne2 Bb7 10. Ng3 cxd4 11. Nxd4 Bb4 12. c3 Nxd4 13. Bxd4 Bc5 14. Bd3 Qb6 15.
Qe3 b4 16. O-O Bxd4 17. cxd4 Rc8 18. f5 O-O 19. f6 Rfd8 20. fxg7 a5 21. Qf4 1-0

[Event "España tch 2010 Femenino"]
[Site "Cortegana ESP"]
[Date "2010.08.19"]
[Round "4.13"]
[White "Garcia Porlan, Beatriz"]
[Black "Saiz Lopez, Laura"]
[Result "1-0"]
[WhiteElo "1702"]
[BlackElo "1420"]
[PlyCount "87"]
[EventDate "2010.08.17"]
[EventType "swiss"]
[EventRounds "7"]
[EventCountry "ESP"]
[Source "lmi"]
[SourceDate "2010.08.17"]

1. e4 d5 2. exd5 Qxd5 3. Nf3 Bg4 4. Be2 Qd8 5. d4 e6 6. O-O Bd6 7. Nc3 Nf6 8.
h3 Bh5 9. Be3 c6 10. a4 O-O 11. Qc1 Qc7 12. Re1 Nbd7 13. Nd2 Bxe2 14. Rxe2 Rfe8
15. Nc4 Be7 16. Bf4 Qd8 17. Qd2 Bb4 18. Bd6 Nb6 19. Nxb6 Qxb6 20. Bxb4 Qxb4 21.
Nd1 Qxd2 22. Rxd2 Rad8 23. Ne3 e5 24. Rad1 e4 25. d5 c5 26. Kf1 g6 27. c3 Nd7
28. Nc4 Ne5 29. Nxe5 Rxe5 30. c4 a5 31. Re1 f5 32. Rde2 Rde8 33. g3 Kf7 34. Re3
Ke7 35. f4 Rxd5 36. cxd5 Kd6 37. Rd1 h5 38. Rb3 e3 39. Ke2 Kc7 40. Rxe3 Rxe3+
41. Kxe3 Kd6 42. Kf3 c4 43. b4 h4 44. gxh4 1-0